Advanced Data Warehouse: Multidimensional modeling with DB2 OLAP server / (Record no. 62865)

MARC details
000 -LEADER
fixed length control field 00582nam a22001577a 4500
005 - DATE AND TIME OF LATEST TRANSACTION
control field 20120215133512.0
008 - FIXED-LENGTH DATA ELEMENTS--GENERAL INFORMATION
fixed length control field 120215t xxu||||| |||| 00| 0 eng d
020 ## - INTERNATIONAL STANDARD BOOK NUMBER
International Standard Book Number 8120325710
Terms of availability 150.00
035 ## - SYSTEM CONTROL NUMBER
System control number B-126364
040 ## - CATALOGING SOURCE
Original cataloging agency DPL
Language of cataloging ENG
245 ## - TITLE STATEMENT
Title Advanced Data Warehouse: Multidimensional modeling with DB2 OLAP server /
260 ## - PUBLICATION, DISTRIBUTION, ETC. (IMPRINT)
Place of publication, distribution, etc New Delhi
Name of publisher, distributor, etc PHI
Date of publication, distribution, etc 2004
300 ## - PHYSICAL DESCRIPTION
Extent xi, 132p.
Dimensions 23cms
942 ## - ADDED ENTRY ELEMENTS (KOHA)
Source of classification or shelving scheme Dewey Decimal Classification
Item type English Books
Classification part 005.754
Call number suffix ADV
Holdings
Withdrawn status Lost status Source of classification or shelving scheme Damaged status Not for loan Collection code Home library Current library Shelving location Date acquired Cost, normal purchase price Total Checkouts Total Renewals Full call number Barcode Date last seen Cost, replacement price Koha item type
    Dewey Decimal Classification     Non-fiction Sarojini Nagar Sarojini Nagar General Stacks 15/02/2012 150.00 1 1 005.754 ADV B-126364 20/03/2023 150.00 English Books

© Delhi Public Library
Hit Counter
free hit counter